Botswana in brief / (Record no. 120356)
[ view plain ]
| 000 -LEADER | |
|---|---|
| fixed length control field | 00822cam a2200253 a 4500 |
| 001 - CONTROL NUMBER | |
| control field | 1921778 |
| 003 - CONTROL NUMBER IDENTIFIER | |
| control field | ARRUPE |
| 005 - DATE AND TIME OF LATEST TRANSACTION | |
| control field | 20140402133748.0 |
| 008 - FIXED-LENGTH DATA ELEMENTS--GENERAL INFORMATION | |
| fixed length control field | 850613s1984 bs af f000 0 eng |
| 010 ## - LIBRARY OF CONGRESS CONTROL NUMBER | |
| LC control number | 85166089 |
| 040 ## - CATALOGING SOURCE | |
| Original cataloging agency | DLC |
| Transcribing agency | DLC |
| Modifying agency | DLC |
| 043 ## - GEOGRAPHIC AREA CODE | |
| Geographic area code | f-bs--- |
| 050 00 - LIBRARY OF CONGRESS CALL NUMBER | |
| Classification number | DT790 |
| Item number | .P44 1984 |
| 082 00 - DEWEY DECIMAL CLASSIFICATION NUMBER | |
| Classification number | 968.1/1 |
| Edition number | 19 |
| 300 ## - PHYSICAL DESCRIPTION | |
| Other physical details | ill. (some col.) ; |
| Dimensions | 15 cm. |
| 100 1# - MAIN ENTRY--PERSONAL NAME | |
| Personal name | Pfotenhauer, Linda. |
| 9 (RLIN) | 9698 |
| 245 10 - TITLE STATEMENT | |
| Title | Botswana in brief / |
| Statement of responsibility, etc | written and edited by Linda Pfotenhauer. |
| 260 ## - PUBLICATION, DISTRIBUTION, ETC. (IMPRINT) | |
| Place of publication, distribution, etc | [Gaborone, Botswana] : |
| Name of publisher, distributor, etc | Dept. of Information and Broadcasting, |
| Date of publication, distribution, etc | 1984. |
| 300 ## - PHYSICAL DESCRIPTION | |
| Extent | 84 p., 16 p. of plates : |
| 651 #0 - SUBJECT ADDED ENTRY--GEOGRAPHIC NAME | |
| Geographic name | Botswana. |
| 9 (RLIN) | 9699 |
| 710 1# - ADDED ENTRY--CORPORATE NAME | |
| Corporate name or jurisdiction name as entry element | Botswana. |
| Subordinate unit | Department of Information and Broadcasting. |
| 9 (RLIN) | 9700 |
| 906 ## - LOCAL DATA ELEMENT F, LDF (RLIN) | |
| a | 0 |
| b | cbu |
| c | orignew |
| d | 3 |
| e | ncip |
| f | 19 |
| g | y-gencatlg |
| 942 ## - ADDED ENTRY ELEMENTS (KOHA) | |
| Source of classification or shelving scheme | Library of Congress Classification |
| Koha item type | REFERENCE |
| Withdrawn status | Lost status | Source of classification or shelving scheme | Damaged status | Not for loan | Collection code | Home library | Current library | Shelving location | Date acquired | Total Checkouts | Full call number | Barcode | Date last seen | Price effective from | Koha item type |
|---|---|---|---|---|---|---|---|---|---|---|---|---|---|---|---|
| Library of Congress Classification | SPECIAL Collection | ARRUPE LIBRARY | ARRUPE LIBRARY | Main Collection | 02/04/2014 | SPC DT2436 .P531 1986 | 46500001780 | 02/04/2014 | 02/04/2014 | REFERENCE |